Formulari de documentació municipal / a cura de Jaume Sánchez Isac
ISBN:
84-500-3917-7
Publicado:
Barcelona :
Servei Central de Publicacions de la Generalitat de Catalunya, Departament de la Presidència ,
1980
Descripción Física:
221 p. ; 20 cm
MARC
| LEADER | 00000nam a2200000Ia 4500 | ||
|---|---|---|---|
| 001 | 677 | ||
| 008 | 160829s1980 xx 000 0 cat d | ||
| 020 | |a 84-500-3917-7 | ||
| 080 | |a M-4-108 | ||
| 100 | 1 | |a Sánchez Isac, Jaime |9 85 | |
| 245 | |a Formulari de documentació municipal / a cura de Jaume Sánchez Isac | ||
| 260 | |a Barcelona : |b Servei Central de Publicacions de la Generalitat de Catalunya, Departament de la Presidència, |c 1980 | ||
| 300 | |a 221 p. ; |c 20 cm | ||
| 590 | |a A la part superior de la portada: Escola d'Administració Pública de Catalunya. | ||
| 590 | |a Índex | ||
| 650 | |a Administració local |x Formularis |9 25335 | ||
| 650 | |a Formularis administratius |9 27526 | ||
| 650 | |a Català administratiu |x Formularis |9 38085 | ||
| 710 | |a Escola d'Administració Pública de Catalunya |9 15494 | ||
| 710 | |a Catalunya. |b Departament de la Presidència |9 10777 | ||
| 901 | |a Arxiu | ||
| 942 | |n 1 | ||
| 952 | |0 0 |1 0 |4 0 |6 M4108 |7 1 |9 43565 |a Arxiu |b Arxiu |d 2016-12-01 |l 0 |o M-4-108 |p 677 |r 2016-12-01 00:00:00 |w 2016-12-01 |y ARXIU | ||
| 999 | |c 46112 |d 46112 | ||